Len štvrtina členov DU sa presunula k Dzurindovi

Bibliographic Details
Main Author: (fw) (Author)
Format: Article
Language:Slovak
Subjects:

MARC

LEADER 00000nab a2200000 a 4500
001 vtls000758082
003 SK-MaSNL
005 20260303201247.0
008 040806c2000 xo 0 slo
015 |a SNBRB2001/05-16104 
035 |a CLN000109869 
040 |a SNKBUCL  |b slo  |c SNKBUCL  |e AACR2 
041 0 |a slo 
044 |a xo  |c SK 
080 |a 329.12(437.6)DU  |2 UDC-MRF-SK2 
080 |a 329.3:28(437.6)SDKÚ  |2 UDC-MRF-SK2 
100 0 |a (fw)  |4 aut  |9 846744 
245 1 0 |a Len štvrtina členov DU sa presunula k Dzurindovi  |c [autor] (fw) 
610 2 7 |a Demokratická únia Slovenska (politická strana)  |2 SNKKA  |9 58155 
610 2 7 |a Slovenská demokratická a kresťanská únia (politická strana)  |2 SNKKA  |9 39553 
648 7 |a 2000  |2 SNK  |9 295137 
655 7 |a články z novín a časopisov  |2 snkbucl  |9 267496 
773 0 |t Sme  |g Roč. 8, č. 229 (5.10.2000), s. 2 
850 |a Slovenská národná knižnica v Martine 
852 |a SNK  |b KIS3GCP 
999 |c 2172831  |d 2174761